Computer architecture and design / (Record no. 61672)

000 -LEADER
fixed length control field 01044pam a2200289 a 4500
001 - CONTROL NUMBER
control field 1020401
003 - CONTROL NUMBER IDENTIFIER
control field NUST-PNEC
005 - DATE AND TIME OF LATEST TRANSACTION
control field 20170116180727.0
008 - FIXED-LENGTH DATA ELEMENTS--GENERAL INFORMATION
fixed length control field 880510s1989 enka b 001 0 eng
010 ## - LIBRARY OF CONGRESS CONTROL NUMBER
LC control number 88016615
020 ## - INTERNATIONAL STANDARD BOOK NUMBER
International Standard Book Number 0201182416
040 ## - CATALOGING SOURCE
Transcribing agency PNEC
050 00 - LIBRARY OF CONGRESS CALL NUMBER
Classification number QA76.9.A73
Item number G66 1989
082 00 - DEWEY DECIMAL CLASSIFICATION NUMBER
Classification number 004.256 GOO
100 1# - MAIN ENTRY--PERSONAL NAME
Personal name Goor, A. J. van de.
245 10 - TITLE STATEMENT
Title Computer architecture and design /
Statement of responsibility, etc. A.J. van de Goor.
260 ## - PUBLICATION, DISTRIBUTION, ETC.
Place of publication, distribution, etc. Wokingham, England ;
-- Reading, Mass. :
Name of publisher, distributor, etc. Addison-Wesley,
Date of publication, distribution, etc. c1989.
300 ## - PHYSICAL DESCRIPTION
Extent xviii, 633 p. :
Other physical details ill. ;
Dimensions 24 cm.
440 #0 - SERIES STATEMENT/ADDED ENTRY--TITLE
Title Electronic systems engineering series
500 ## - GENERAL NOTE
General note Includes Index
504 ## - BIBLIOGRAPHY, ETC. NOTE
Bibliography, etc. note Includes bibliographical references and index.
650 #0 - SUBJECT ADDED ENTRY--TOPICAL TERM
Topical term or geographic name entry element Computer architecture.
General subdivision Computer, MIS
650 #0 - SUBJECT ADDED ENTRY--TOPICAL TERM
Topical term or geographic name entry element Microprocessors.
856 ## - ELECTRONIC LOCATION AND ACCESS
Uniform Resource Identifier <a href="http://www.amazon.com/Computer-Architecture-Electronic-Systems-Engineering/dp/0201182416/ref=sr_1_1?s=books&ie=UTF8&qid=1415358521&sr=1-1&keywords=0201182416">http://www.amazon.com/Computer-Architecture-Electronic-Systems-Engineering/dp/0201182416/ref=sr_1_1?s=books&ie=UTF8&qid=1415358521&sr=1-1&keywords=0201182416</a>
906 ## - LOCAL DATA ELEMENT F, LDF (RLIN)
a 7
b cbc
c orignew
d 1
e ocip
f 19
g y-gencatlg
942 ## - ADDED ENTRY ELEMENTS (KOHA)
Source of classification or shelving scheme
Koha item type Book
Holdings
Withdrawn status Lost status Source of classification or shelving scheme Damaged status Not for loan Permanent Location Current Location Shelving location Date acquired Source of acquisition Cost, normal purchase price Total Checkouts Full call number Barcode Date last seen Cost, replacement price Price effective from Koha item type
          Pakistan Navy Engineering College (PNEC) Pakistan Navy Engineering College (PNEC)   11/03/2000 Ashrafi Grand Book 1151.00   004.256 GOO PNECLIB-023149 11/07/2014 1151.00 11/03/2000 Book
© 2023 Central Library, National University of Sciences and Technology. All Rights Reserved.